000 00948nac a22002537a 4500
001 BR7900406
003 BR-BrBNA
005 20240105114357.0
008 230509b bl.|||m| |||| 00| 0 por d
040 _aBR-BrBNA
_bpor
_cBiblioteca Nacional de Agricultura
072 _aE30; C00
090 _aE30 BR7900406
110 1 _aEmpresa de Assistencia Tecnica e Extensao Rural do Rio Grande do Norte, Natal (Brasil)
_94052
245 1 _aRelatorio de atividades 1977 [Empresa de Assistencia Tecnica e Extensao Rural do Rio Grande do Norte, Brasil]
260 3 _aNatal, RN (Brasil):
_c1978.
300 _a100 p.
490 _aRelatorio - Empresa de Assistencia Tecnica e Extensao Rural do Rio Grande do Norte (Brazil)
_v
_x
650 _aDESENVOLVIMENTO AGRICOLA
650 _aDESENVOLVIMENTO RURAL
650 _aASSISTENCIA TECNICA
650 _aRIO GRANDE DO NORTE
909 _a202312
_bLúcia Elande
_c55
_dLúcia Elande
942 _2AGRIS
_n0
_cMS
999 _c269003
_d269003